Authors By Their Work(s) - Statistics

General Stats
  • This quiz has been taken 114 times
    68 since last reset
  • The average score is 46 of 85
Answer Stats
Book(s) Author % Correct
1984 George Orwell/Eric Arthur Blair
94%
The Iliad Homer
89%
Pride and Prejudice Jane Austen
89%
Catcher in the Rye J.D. Salinger
89%
The Tale of Two Cities Charles Dickens
86%
Grapes of Wrath, Of Mice and Men, East of Eden John Steinbeck
86%
To Kill a Mockingbird Harper Lee
83%
The Great Gatsby, This Side of Paradise F. Scott Fitzgerald
81%
Moby Dick Herman Melville
78%
The Three Musketeers, The Count of Monte Cristo Alexandre Dumas
75%
Dracula Bram Stoker
75%
Wuthering Heights Emilie Bronte
75%
Farewell to Arms, The Old Man and the Sea Ernest Hemingway
75%
Metamorphosis Franz Kafka
75%
Anna Karenina Leo Tolstoy
75%
Frankenstein Mary Shelley
75%
The Picture of Dorian Gray Oscar Wilde
75%
Murder on the Orient Express, Hercule Poirot Agatha Christie
72%
Crime and Punishment Fyodor Dostoevsky
72%
20,000 Leagues Under The Sea Jules Verne
69%
Matilda, Charlie and the Chocolate Factory Roald Dahl
69%
The Jungle Book Rudyard Kipling
69%
The Sherlock Holmes Series Sir Arthur Conan Doyle
69%
The Divine Comedy Dante Alighieri
67%
Uncle Tom's Cabin Harriet Beecher Stowe
67%
Ulysses James Joyce
67%
The Scarlet Letter Nathaniel Hawthorne
67%
Fahrenheit 451 Ray Bradbury
67%
Lord of the Flies William Golding
67%
Republic Plato
64%
The War of the Worlds, The Time Machine H.G. Wells
61%
Catch-22 Joseph Heller
61%
The Handmaid's Tale Margaret Atwood
61%
A Room of One's Own, Mrs. Dalloway Virginia Woolf
61%
Brave New World Aldous Huxley
58%
One Hundred Years of Solitude, Love in the Time of Cholera Gabriel García Marquez
58%
A Game of Thrones George R.R. Martin
58%
The Snow Queen, The Ugly Duckling Hans Christian Anderson
58%
Heart of Darkness Joseph Conrad
58%
Gone With The Wind Margaret Mitchell
58%
The Prince and the Pauper, The Connecticut Yankee in King Arthur's Court Mark Twain/Samuel Clemens
58%
Strange Case of Dr Jekyll and Mr Hyde Robert Louis Stevenson
58%
Madame Bovary Gustave Flaubert
56%
Paradise Lost John Milton
56%
The Aeneid Virgil
56%
Charlotte's Web E.B. White
53%
Oedipus Rex, Antigone, Electra Sophocles
53%
The Hunger Games Suzanne Collins
53%
As I Lay Dying, Absalom Absalom! William Faulkner
53%
The Hitchhiker's Guide to the Galaxy Douglas Adams
50%
I Have No Mouth And I Must Scream Harlan Ellison
50%
The Godfather Mario Puzo
50%
Invisible Man Ralph Ellison
50%
Watership Down Richard Adams
50%
Winnie the Pooh A.A. Milne
47%
Pygmalion Bernard Shaw
47%
The Wonderful Wizard of Oz L. Frank Baum
47%
Rime of the Ancient Mariner Samuel Taylor Coleridge
47%
The Legend of Sleepy Hollow Washington Irving
47%
The Joy Luck Club Amy Tan
44%
The Alchemist Paulo Coelho
44%
Little House on the Prairie Laura Ingalls Wilder
42%
Ivanhoe Walter Scott
42%
The Magic Mountain Thomas Mann
39%
All Quiet on the Western Front Erich Maria Remarque
36%
The Secret Garden Frances Hodgson Burnett
36%
Percy Jackson Rick Riordan
36%
A Clockwork Orange Anthony Burgess
33%
The Very Hungry Caterpillar Eric Carle
33%
Ender's Game Orson Scott Card
33%
The Outsiders S.E. Hinton
33%
The Giving Tree Shel Silverstein
33%
Nicomachean Ethics Aristotle
31%
The Giver Lois Lowry
31%
Hatchet Gary Paulsen
25%
A Wrinkle in Time Madeleine L'Engle
25%
Where The Wild Things Are Maurice Sendak
22%
Leviathan Thomas Hobbes
22%
The Book Thief Markus Zusak
19%
The Lost World Michael Crichton
19%
Thanatopsis William Cullen Bryant
14%
Johnny Got His Gun Dalton Trumbo
11%
Where the Red Fern Grows Wilson Rawls
11%
Wonder R.J. Palacio
8%
Johnny Tremain Esther Forbes
6%
No matching quizzes found
Score Distribution
Percent of People with Each Score
Percentile by Number Answered
Your Score History
You have not taken this quiz since the last reset